MARC details
| 000 -LEADER |
| fixed length control field |
02238nam a2200289 a 4500 |
| 008 - FIXED-LENGTH DATA ELEMENTS--GENERAL INFORMATION |
| fixed length control field |
120416s1983 ||||||||||||||||| || u |
| 020 ## - INTERNATIONAL STANDARD BOOK NUMBER |
| International Standard Book Number |
0070462178 |
| 050 ## - LIBRARY OF CONGRESS CALL NUMBER |
| Classification number |
HG 4527 Nel |
| 100 ## - MAIN ENTRY--PERSONAL NAME |
| Personal name |
Nelson, Wayne F |
| 245 10 - TITLE STATEMENT |
| Title |
How to profit from the money revolution: the insider's guide to financial supermarkets, their super products, and super brokers |
| 260 ## - PUBLICATION, DISTRIBUTION, ETC. |
| Place of publication, distribution, etc. |
New York: |
| Name of publisher, distributor, etc. |
McGraw-Hill |
| Date of publication, distribution, etc. |
1983 |
| 300 ## - PHYSICAL DESCRIPTION |
| Extent |
xiii, 155 pages : illustrations |
| 350 ## - |
| -- |
0.00 |
| 650 ## - SUBJECT ADDED ENTRY--TOPICAL TERM |
| Topical term or geographic name entry element |
INVESTMENTS--HANDBOOKS, MANUALS, ETC |
| 650 ## - SUBJECT ADDED ENTRY--TOPICAL TERM |
| Topical term or geographic name entry element |
MONEY MARKET FUNDS--HANDBOOKS, MANUALS, ETC |
| 650 #0 - SUBJECT ADDED ENTRY--TOPICAL TERM |
| Topical term or geographic name entry element |
MONEY MARKET--HANDBOOKS, MANUALS, ETC |
| 995 ## - |
| -- |
TEXTBOOKS (SB) |
| -- |
0.00 |
| -- |
01285 |
| -- |
CBU-SCHOOL TEXTBOOK COLLECTIONS |
| -- |
1 |
| -- |
0.00 |
| -- |
SCHOOL TEXTBOOK |
| -- |
9 |
| -- |
AVAILABLE |
| -- |
Sep 16, 2009 |
| -- |
01285 |
| -- |
School Collections |
| 995 ## - |
| -- |
ANNEX COLLECTION (Main Library) |
| -- |
710475 |
| -- |
CBU-MAIN LIBRARY (Kitwe) |
| -- |
0.00 |
| -- |
HG 4527 Nel |
| -- |
10 |
| -- |
AVAILABLE |
| -- |
Feb 15, 2013 |
| -- |
710475 |
| -- |
Annex Low-Usage Collection |
| 995 ## - |
| -- |
ANNEX COLLECTION (Main Library) |
| -- |
0.00 |
| -- |
006750 |
| -- |
CBU-MAIN LIBRARY (Kitwe) |
| -- |
4 |
| -- |
12.95 |
| -- |
HG 4527 Nel |
| -- |
2 |
| -- |
AVAILABLE |
| -- |
006750 |
| -- |
Annex Low-Usage Collection |
| 995 ## - |
| -- |
ANNEX COLLECTION (Main Library) |
| -- |
0.00 |
| -- |
713079 |
| -- |
CBU-MAIN LIBRARY (Kitwe) |
| -- |
3 |
| -- |
12.95 |
| -- |
HG 4527 Nel |
| -- |
3 |
| -- |
AVAILABLE |
| -- |
006751 |
| -- |
Annex Low-Usage Collection |
| 995 ## - |
| -- |
ANNEX COLLECTION (Main Library) |
| -- |
0.00 |
| -- |
713081 |
| -- |
CBU-MAIN LIBRARY (Kitwe) |
| -- |
5 |
| -- |
12.95 |
| -- |
HG 4527 Nel |
| -- |
5 |
| -- |
AVAILABLE |
| -- |
006753 |
| -- |
Annex Low-Usage Collection |
| 995 ## - |
| -- |
ANNEX COLLECTION (Main Library) |
| -- |
0.00 |
| -- |
710474 |
| -- |
CBU-MAIN LIBRARY (Kitwe) |
| -- |
1 |
| -- |
12.95 |
| -- |
HG 4527 Nel |
| -- |
4 |
| -- |
AVAILABLE |
| -- |
006752 |
| -- |
Annex Low-Usage Collection |
| 995 ## - |
| -- |
TEXTBOOKS (SB) |
| -- |
0.00 |
| -- |
01283 |
| -- |
CBU-SCHOOL TEXTBOOK COLLECTIONS |
| -- |
1 |
| -- |
0.00 |
| -- |
SCHOOL TEXTBOOK |
| -- |
7 |
| -- |
AVAILABLE |
| -- |
Sep 16, 2009 |
| -- |
01283 |
| -- |
School Collections |
| 995 ## - |
| -- |
BINDERY (DAMAGED) |
| -- |
0.00 |
| -- |
710476 |
| -- |
CBU-MAIN LIBRARY (Kitwe) |
| -- |
1 |
| -- |
0.00 |
| -- |
HG 4527 Nel |
| -- |
6 |
| -- |
DAMAGED |
| -- |
Jun 3, 2009 |
| -- |
710476 |
| -- |
Main Library Open Access Collection |
| 995 ## - |
| -- |
TEXTBOOKS (SB) |
| -- |
0.00 |
| -- |
01284 |
| -- |
CBU-SCHOOL TEXTBOOK COLLECTIONS |
| -- |
1 |
| -- |
0.00 |
| -- |
SCHOOL TEXTBOOK |
| -- |
8 |
| -- |
AVAILABLE |
| -- |
Sep 16, 2009 |
| -- |
01284 |
| -- |
School Collections |
| 995 ## - |
| -- |
ANNEX COLLECTION (Main Library) |
| -- |
0.00 |
| -- |
710473 |
| -- |
CBU-MAIN LIBRARY (Kitwe) |
| -- |
2 |
| -- |
12.95 |
| -- |
HG 4527 Nel |
| -- |
1 |
| -- |
AVAILABLE |
| -- |
006749 |
| -- |
Annex Low-Usage Collection |
| 999 ## - |
| -- |
76390 |
| -- |
76390 |